08258 2204069 4500001002100000005001500021035002000036008004100056245007700097100001800174250000600192260003200198300001200230020002200242084001400264082000800278650001400286990001200300990001200312990001200324990001200336990001200348990001200360990001200372990001200384990001200396990001200408990001200420990001200432990001200444990001200456990001200468990001200480990001200492990001200504990001200516990001200528990001200540990001200552990001200564990001200576990001200588990001200600990001200612990001200624990001200636990001200648990001200660990001200672990001200684990001200696990001200708990001200720990001200732990001200744990001200756990001200768990001200780990001200792990001200804990001200816990001200828990001200840990001200852990001200864990001200876990001200888990001200900990001200912990001200924990001200936990001200948990001200960990001200972990001200984990001200996990001201008990001201020990001201032990001201044990001201056990001201068990001201080990001201092990001201104990001201116990001201128990001201140990001201152990001201164990001201176990001201188990001201200990001201212990001201224990001201236990001201248990001201260990001201272990001201284990001201296990001201308990001201320990001201332990001201344990001201356990001201368990001201380990001201392990001201404990001201416990001201428990001201440990001201452990001201464990001201476990001201488990001201500990001201512990001201524990001201536990001201548990001201560990001201572990001201584990001201596990001201608990001201620990001201632990001201644990001201656990001201668990001201680990001201692990001201704990001201716990001201728990001201740990001201752990001201764990001201776990001201788990001201800990001201812990001201824990001201836990001201848990001201860990001201872990001201884990001201896990001201908990001201920990001201932990001201944990001201956990001201968990001201980990001201992990001202004990001202016990001202028990001202040990001202052990001202064990001202076990001202088990001202100990001202112990001202124990001202136990001202148990001202160990001202172990001202184990001202196990001202208990001202220990001202232990001202244990001202256990001202268990001202280990001202292990001202304990001202316990001202328990001202340990001202352990001202364990001202376990001202388990001202400990001202412990001202424990001202436990001202448990001202460990001202472990001202484990001202496990001202508990001202520990001202532990001202544990001202556990001202568990001202580990001202592990001202604990001202616990001202628990001202640990001202652990001202664990001202676990001202688990001202700990001202712990001202724990001202736990001202748990001202760990001202772990001202784990001202796990001202808990001202820990001202832990001202844990001202856990001202868990001202880990001202892990001202904990001202916990001202928990001202940990001202952990001202964990001202976990001202988990001203000990001203012990001203024990001203036990001203048990001203060990001203072990001203084990001203096990001203108990001203120990001203132990001203144990001203156990001203168990001203180990001203192990001203204990001203216990001203228990001203240990001203252990001203264990001203276990001203288990001203300990001203312990001203324990001203336990001203348990001203360990001203372990001203384990001203396990001203408990001203420990001203432990001203444990001203456990001203468990001203480990001203492990001203504990001203516990001203528990001203540990001203552990001203564990001203576990001203588990001203600990001203612990001203624990001203636990001203648990001203660990001203672990001203684990001203696990001203708990001203720990001203732990001203744990001203756990001203768990001203780990001203792990001203804990001203816990001203828990001203840990001203852990001203864990001203876990001203888990001203900990001203912990001203924990001203936990001203948990001203960990001203972990001203984990001203996990001204008990001204020990001204032990001204044990001204056990001204068990001204080990001204092990001204104990001204116990001204128990001204140990001204152990001204164990001204176INLIS00000000000137120240626094832 a0010-0624000003240626 0 ind 1 aCerdas Cergas Berbahasa dan Bersastra Indonesia Kelas XI /cHeny Mawarti aMawarti, Heny a1 aJakarta :bKEMDIKBUD,c2021 a230 hlm a978-602-244-324-7 a410 HEN c a410 4aNon Fiksi a0748417 a0748418 a0748419 a0748420 a0748421 a0748422 a0748423 a0748424 a0748425 a0748426 a0748427 a0748428 a0748429 a0748430 a0748431 a0748432 a0748433 a0748434 a0748435 a0748436 a0748437 a0748438 a0748439 a0748440 a0748441 a0748442 a0748443 a0748444 a0748445 a0748446 a0748447 a0748448 a0748449 a0748450 a0748451 a0748452 a0748453 a0748454 a0748455 a0748456 a0748457 a0748458 a0748459 a0748460 a0748461 a0748462 a0748463 a0748464 a0748465 a0748466 a0748467 a0748468 a0748469 a0748470 a0748471 a0748472 a0748473 a0748474 a0748475 a0748476 a0748477 a0748478 a0748479 a0748480 a0748481 a0748482 a0748483 a0748484 a0748485 a0748486 a0748487 a0748488 a0748489 a0748490 a0748491 a0748492 a0748493 a0748494 a0748495 a0748496 a0748497 a0748498 a0748499 a0748500 a0748501 a0748502 a0748503 a0748504 a0748505 a0748506 a0748507 a0748508 a0748509 a0748510 a0748511 a0748512 a0748513 a0748514 a0748515 a0748516 a0748517 a0748518 a0748519 a0748520 a0748521 a0748522 a0748523 a0748524 a0748525 a0748526 a0748527 a0748528 a0748529 a0748530 a0748531 a0748532 a0748533 a0748534 a0748535 a0748536 a0748537 a0748538 a0748539 a0748540 a0748541 a0748542 a0748543 a0748544 a0748545 a0748546 a0748547 a0748548 a0748549 a0748550 a0748551 a0748552 a0748553 a0748554 a0748555 a0748556 a0748557 a0748558 a0748559 a0748560 a0748561 a0748562 a0748563 a0748564 a0748565 a0748566 a0748567 a0748568 a0748569 a0748570 a0748571 a0748572 a0748573 a0748574 a0748575 a0748576 a0748577 a0748578 a0748579 a0748580 a0748581 a0748582 a0748583 a0748584 a0748585 a0748586 a0748587 a0748588 a0748589 a0748590 a0748591 a0748592 a0748593 a0748594 a0748595 a0748596 a0748597 a0748598 a0748599 a0748600 a0748601 a0748602 a0748603 a0748604 a0748605 a0748606 a0748607 a0748608 a0748609 a0748610 a0748611 a0748612 a0748613 a0748614 a0748615 a0748616 a0748617 a0748618 a0748619 a0748620 a0748621 a0748622 a0748623 a0748624 a0748625 a0748626 a0748627 a0748628 a0748629 a0748630 a0748631 a0748632 a0748633 a0748634 a0748635 a0748636 a0748637 a0748638 a0748639 a0748640 a0748641 a0748642 a0748643 a0748644 a0748645 a0748646 a0748647 a0748648 a0748649 a0748650 a0748651 a0748652 a0748653 a0748654 a0748655 a0748656 a0748657 a0748658 a0748659 a0748660 a0748661 a0748662 a0748663 a0748664 a0748665 a0748666 a0748667 a0748668 a0748669 a0748670 a0748671 a0748672 a0748673 a0748674 a0748675 a0748676 a0748677 a0748678 a0748679 a0748680 a0748681 a0748682 a0748683 a0748684 a0748685 a0748686 a0748687 a0748688 a0748689 a0748690 a0748691 a0748692 a0748693 a0748694 a0748695 a0748696 a0748697 a0748698 a0748699 a0748700 a0748701 a0748702 a0748703 a0748704 a0748705 a0748706 a0748707 a0748708 a0748709 a0748710 a0748711 a0748712 a0748713 a0748714 a0748715 a0748716 a0748717 a0748718 a0748719 a0748720 a0748721 a0748722 a0748723 a0748724 a0748725 a0748726 a0748727 a0748728 a0748729 a0748730 a0748731 a0748732 a0748733 a0748734 a0748735 a0748736 a0748737 a0748738 a0748739 a0748740